000
00211nam a2200097Ia 4500
008
240331s9999 xx 000 0 und d
082
_b
MAR
100
_a
Marimuthu,M
245
0
_a
Penn saathanaiyalargal
942
_c
L
999
_c
4723
_d
4723